| 000 | 01229nam a22002415i 4500 | ||
|---|---|---|---|
| 001 | 174982 | ||
| 003 | ES-MaACL | ||
| 005 | 20250719062547.0 | ||
| 008 | 100906s1877 xxk |||| | eng d | ||
| 110 | 2 |
_aHoward Association (London) _9134440 |
|
| 245 | 1 | 0 |
_aIndustrial education versus crime _b: need for cheap & common technical schools / _c(issued by the Howard Association). |
| 260 |
_a[London : _bHoward Association, _c1877] |
||
| 300 |
_a4 p. ; _c20 cm. |
||
| 505 | 8 |
_aContiene: ; _tA letter reprinted from the Times, Aug. 28, 1877 / _rby William Tallack, on industrial education and crime |
|
| 650 | 1 | 4 |
_aPresos- _xEducación. _916388 |
| 650 | 4 |
_aJóvenes delincuentes- _xRehabilitación- _zGran Bretaña. _9151897 |
|
| 700 | 1 |
_aTallack, William. _9143320 |
|
| 852 |
_aES-MaACL _jD-273(5) _9181717 _cSVI _hDonación: Francisco Lastres y Juiz _bR.FOLL.12/5 _dOlim: 193-C-3 _xEncuadernado con otras obras formando un volumen facticio _fSello en tinta en la hoja de guarda anterior del volumen: "Donativo del Sr Lastres al Ateneo de Madrid 1907" |
||
| 903 |
_aLastres y Juiz, Francisco, _d1848-1918 _q1 _ednr _970504 |
||
| 942 |
_2udc _cFOLLETOS |
||
| 999 |
_c174982 _d174982 |
||